Detalles MARC
| 000 -LEADER |
| fixed length control field |
01852 am a2200553 a 4500 |
| 005 - FECHA ULTIMA MODIFICACION |
| control field |
20240625080657.0 |
| 008 - CAMPO DE CONTROL (LIBRO) |
| fixed length control field |
100629s2003||||sp a f |||| 001 0 spa d |
| 020 ## - INTERNATIONAL STANDARD BOOK NUMBER |
| ISBN |
8420537837 |
| 041 ## - CODIGO DE IDIOMA |
| Código de idioma del texto/pista de sonido o título separado |
spa |
| 092 ## - SIGNATURA TOPOGRAFICA DEWEY LOCAL |
| número de clasificación |
540 |
| libristica |
65 |
| sección |
PET |
| 100 1# - ENTRADA PRINCIPAL--NOMBRE PERSONAL |
| Nombre personal |
Petrucci, Ralph H. |
| 9 (RLIN) |
1142 |
| 245 ## - TITULO PROPIAMENTE DICHO |
| Título |
Química general. |
| Subtítulo y Título paralelo |
T.2 Reactividad química. Compuestos inorgánicos y orgánicos / |
| Mención de responsabilidad y remanente de la transcripción de la portada |
Ralph H. Petrucci |
| 250 ## - MENCION DE EDICION |
| Mención de edición |
8a ed. |
| Mención de responsabilidad relacionada con la ed. |
Traducción Concepción Pando G. Pumarino y Nerea Iza Cabo. |
| 260 ## - PIE DE IMPRENTA |
| Lugar de publicación, distribución, etc |
Madrid: |
| Nombre de la editorial, distribuidor, etc |
Pearson Prentice Hall; |
| Fecha de publicación |
2003. |
| 300 ## - DESCRIPCION FISICA |
| Extension |
577-1160 p. |
| Dimensiones |
195x270 cm. |
| 500 ## - NOTA GENERAL |
| Nota general |
Petrucci, R. H., Harwood, W. H. y Herring, F. G. (2003). Química general. T.2 Reactividad química. Compuestos inorgánicos y orgánicos. (8a ed.). Madrid : Pearson Prentice Hall. |
| 653 ## - TÉRMINO INDIZADO - PALABRAS CLAVES |
| Palabra clave |
Cinética química |
| 653 ## - TÉRMINO INDIZADO - PALABRAS CLAVES |
| Palabra clave |
Principios del equilibrio químico |
| 653 ## - TÉRMINO INDIZADO - PALABRAS CLAVES |
| Palabra clave |
Acidos y bases |
| 653 ## - TÉRMINO INDIZADO - PALABRAS CLAVES |
| Palabra clave |
Otros aspectos de los equilibrios ácido-base |
| 653 ## - TÉRMINO INDIZADO - PALABRAS CLAVES |
| Palabra clave |
Solubilidad y equilibrios de iones complejos |
| 653 ## - TÉRMINO INDIZADO - PALABRAS CLAVES |
| Palabra clave |
Espontaneidad. Entropía y energía Gibbs |
| 653 ## - TÉRMINO INDIZADO - PALABRAS CLAVES |
| Palabra clave |
Electroquímica |
| 653 ## - TÉRMINO INDIZADO - PALABRAS CLAVES |
| Palabra clave |
Elementos de los grupos principales I: metales |
| 653 ## - TÉRMINO INDIZADO - PALABRAS CLAVES |
| Palabra clave |
Elementos de los grupos principales II: no metales |
| 653 ## - TÉRMINO INDIZADO - PALABRAS CLAVES |
| Palabra clave |
Elementos de transición |
| 653 ## - TÉRMINO INDIZADO - PALABRAS CLAVES |
| Palabra clave |
Iones complejos y compuestos de coordinación |
| 653 ## - TÉRMINO INDIZADO - PALABRAS CLAVES |
| Palabra clave |
Química nuclear |
| 653 ## - TÉRMINO INDIZADO - PALABRAS CLAVES |
| Palabra clave |
Química orgánica |
| 653 ## - TÉRMINO INDIZADO - PALABRAS CLAVES |
| Palabra clave |
Química de los seres vivos |
| 700 1# - ENTRADAS SECUNDARIAS - NOMBRE PERSONAL |
| Nombre personal |
Harwood, William H. |
| 9 (RLIN) |
1143 |
| 700 1# - ENTRADAS SECUNDARIAS - NOMBRE PERSONAL |
| Nombre personal |
Herring, F. Geoffrey. |
| 9 (RLIN) |
1144 |
| 930 ## - NUMERO DE INVENTARIO |
| Número de inventario |
1429 |
| 930 ## - NUMERO DE INVENTARIO |
| Número de inventario |
1430 |
| 930 ## - NUMERO DE INVENTARIO |
| Número de inventario |
1431 |
| 930 ## - NUMERO DE INVENTARIO |
| Número de inventario |
1432 |
| 930 ## - NUMERO DE INVENTARIO |
| Número de inventario |
1433 |
| 930 ## - NUMERO DE INVENTARIO |
| Número de inventario |
1434 |
| 930 ## - NUMERO DE INVENTARIO |
| Número de inventario |
1435 |
| 930 ## - NUMERO DE INVENTARIO |
| Número de inventario |
1436 |
| 930 ## - NUMERO DE INVENTARIO |
| Número de inventario |
1437 |
| 930 ## - NUMERO DE INVENTARIO |
| Número de inventario |
1438 |
| 930 ## - NUMERO DE INVENTARIO |
| Número de inventario |
1439 |
| 930 ## - NUMERO DE INVENTARIO |
| Número de inventario |
1440 |
| 930 ## - NUMERO DE INVENTARIO |
| Número de inventario |
1441 |
| 930 ## - NUMERO DE INVENTARIO |
| Número de inventario |
1442 |
| 930 ## - NUMERO DE INVENTARIO |
| Número de inventario |
1443 |
| 942 ## - ADDED ENTRY ELEMENTS (KOHA) |
| Source of classification or shelving scheme |
Dewey Decimal Classification |
| Item type |
Libros |
| Koha issues (borrowed), all copies |
2 |